On the go / (Record no. 8220)
[ view plain ]
| 000 -LEADER | |
|---|---|
| fixed length control field | 01138nam a22002777a 4500 |
| 001 - CONTROL NUMBER | |
| control field | 8220 |
| 003 - CONTROL NUMBER IDENTIFIER | |
| control field | FISKH |
| 005 - DATE AND TIME OF LATEST TRANSACTION | |
| control field | 20250903103426.0 |
| 008 - FIXED-LENGTH DATA ELEMENTS--GENERAL INFORMATION | |
| fixed length control field | 250903b cb ||||| |||| 00| 0 eng d |
| 020 ## - INTERNATIONAL STANDARD BOOK NUMBER | |
| International Standard Book Number | 9780916119348 |
| 040 ## - CATALOGING SOURCE | |
| Original cataloging agency | FISKH |
| Language of cataloging | eng |
| Transcribing agency | FISKH |
| Modifying agency | FISKH |
| 050 ## - LIBRARY OF CONGRESS CALL NUMBER | |
| Classification number | PE1127.S3 W556 |
| 082 ## - DEWEY DECIMAL CLASSIFICATION NUMBER | |
| Classification number | 080 |
| 100 ## - MAIN ENTRY--PERSONAL NAME | |
| Personal name | Williams, Rozanne Lanczak |
| 245 ## - TITLE STATEMENT | |
| Title | On the go / |
| Statement of responsibility, etc. | Written by Rozanne Lanczak Williams : Illustrated by Amy Cartwright |
| 260 ## - PUBLICATION, DISTRIBUTION, ETC. | |
| Place of publication, distribution, etc. | Huntington Beach, CA : |
| Name of publisher, distributor, etc. | Creative Teaching Press, Inc, |
| Date of publication, distribution, etc. | 1994. |
| 300 ## - PHYSICAL DESCRIPTION | |
| Extent | 8 pages : |
| Other physical details | color illustrations ; |
| Dimensions | 16 x 23 cm . |
| 490 ## - SERIES STATEMENT | |
| Series statement | Learn To Read |
| 505 ## - FORMATTED CONTENTS NOTE | |
| Formatted contents note | F <br/> |
| 520 ## - SUMMARY, ETC. | |
| Summary, etc. | Repetitive, predictable story lines and illustrations that match the text provide maximum support to the emergent reader. Engaging stories promote reading comprehension, and easy and fun activities on the inside back covers extend learning. Great for Reading First, Fluency, Vocabulary, Text Comprehension, and ESL/ELL! |
| 521 8# - TARGET AUDIENCE NOTE | |
| Target audience note | 300 <br/> |
| Source | Lexile estimate <br/> |
| 521 8# - TARGET AUDIENCE NOTE | |
| Target audience note | F <br/> |
| Source | Raz-Plus <br/> |
| 700 ## - ADDED ENTRY--PERSONAL NAME | |
| Personal name | Catwright, Amy |
| Relator term | Illustrator |
| 942 ## - ADDED ENTRY ELEMENTS (KOHA) | |
| Source of classification or shelving scheme | Dewey Decimal Classification |
| Koha item type | Books |
| Suppress in OPAC | No |
| Withdrawn status | Lost status | Source of classification or shelving scheme | Damaged status | Not for loan | Home library | Current library | Shelving location | Date acquired | Total Checkouts | Full call number | Barcode | Date last seen | Copy number | Price effective from | Koha item type |
|---|---|---|---|---|---|---|---|---|---|---|---|---|---|---|---|
| Dewey Decimal Classification | Footprints International School Library Network Toul Tom Poung Campus | Footprints International School Library Network Toul Tom Poung Campus | TTP Primary Green Bookshelves | 09/03/2025 | WIL 080 PE1127.S3 W556 | FISTK01819 | 09/03/2025 | 1 | 09/03/2025 | Books | |||||
| Dewey Decimal Classification | Footprints International School Library Network Toul Tom Poung Campus | Footprints International School Library Network Toul Tom Poung Campus | TTP Primary Green Bookshelves | 09/03/2025 | WIL 080 PE1127.S3 W556 | FISTK01827 | 09/03/2025 | 2 | 09/03/2025 | Books | |||||
| Dewey Decimal Classification | Footprints International School Library Network Toul Tom Poung Campus | Footprints International School Library Network Toul Tom Poung Campus | TTP Primary Green Bookshelves | 09/03/2025 | WIL 080 PE1127.S3 W556 | FISTK01832 | 09/03/2025 | 3 | 09/03/2025 | Books | |||||
| Dewey Decimal Classification | Footprints International School Library Network Toul Tom Poung Campus | Footprints International School Library Network Toul Tom Poung Campus | TTP Primary Green Bookshelves | 09/03/2025 | WIL 080 PE1127.S3 W556 | FISTK01826 | 09/03/2025 | 4 | 09/03/2025 | Books | |||||
| Dewey Decimal Classification | Footprints International School Library Network Toul Tom Poung Campus | Footprints International School Library Network Toul Tom Poung Campus | TTP Primary Green Bookshelves | 09/03/2025 | WIL 080 PE1127.S3 W556 | FISTK01831 | 09/03/2025 | 5 | 09/03/2025 | Books | |||||
| Dewey Decimal Classification | Footprints International School Library Network Toul Tom Poung Campus | Footprints International School Library Network Toul Tom Poung Campus | TTP Primary Green Bookshelves | 09/03/2025 | WIL 080 PE1127.S3 W556 | FISTK01824 | 09/03/2025 | 6 | 09/03/2025 | Books |
